| 000 | 01426cam a2200361 a 4500 | ||
|---|---|---|---|
| 001 | 15449298 | ||
| 005 | 20160530111148.0 | ||
| 008 | 080912s2009 njua 001 0 eng | ||
| 010 | _a 2008040488 | ||
| 015 |
_aGBA8B1407 _2bnb |
||
| 016 | 7 |
_a014759846 _2Uk |
|
| 020 | _a0136135161 (hardback : alk. paper) | ||
| 020 | _a9780136135166 (hardback : alk. paper) | ||
| 035 | _a(OCoLC)ocn156832597 | ||
| 040 |
_aDLC _cDLC _dBTCTA _dBAKER _dYDXCP _dUKM _dC#P _dBWX _dDLC |
||
| 050 | 0 | 0 |
_aTK5105.88813 _b.E745 2009 |
| 082 | 0 | 0 |
_a006.7 _222 _bERL |
| 100 | 1 |
_911281 _aErl, Thomas |
|
| 245 | 1 | 0 |
_aSOA design patterns / _cThomas Erl ; with additional contributors. |
| 250 | _a1st ed. | ||
| 260 |
_aUpper Saddle River, NJ : _bPrentice Hall, _cc2009. |
||
| 300 |
_axliii, 814 p. : _bill. (chiefly col.) ; _c24 cm. |
||
| 490 | 1 | _aPrentice Hall service-oriented computing series from Thomas Erl | |
| 500 | _aIncludes indexes. | ||
| 650 | 0 |
_aWeb services. _911282 |
|
| 650 | 0 |
_aComputer architecture. _911283 |
|
| 650 | 0 |
_aSoftware patterns. _911284 |
|
| 650 | 0 |
_aSystem design. _911285 |
|
| 830 | 0 |
_aPrentice Hall service-oriented computing series from Thomas Erl. _911286 |
|
| 856 | 4 | 1 |
_3Table of contents only _uhttp://www.loc.gov/catdir/toc/ecip0828/2008040488.html |
| 942 |
_2ddc _cBB |
||
| 999 |
_c13363 _d13363 |
||